| 000 | 00391cam a2200145ua 4500 | ||
|---|---|---|---|
| 041 |
_aeng _h |
||
| 082 |
_a930 _bUND/FR |
||
| 100 | _aUnderwood, Elizabeth . | ||
| 245 |
_aFrom the Renaissance to the United Nations / _cElizabeth Underwood. _hTextual Documents |
||
| 260 |
_aLondon : _bW and R Chambers Ltd , _c1959. |
||
| 300 | _a343 ; . | ||
| 504 | _a | ||
| 942 | _cBK | ||
| 999 |
_c1240 _d1240 |
||